Brewing up for demolition (Record no. 83293)
[ view plain ]
| 000 -LEADER | |
|---|---|
| fixed length control field | 01131cab a22001935a 4500 |
| 001 - CONTROL NUMBER | |
| control field | L153443 |
| 008 - FIXED-LENGTH DATA ELEMENTS--GENERAL INFORMATION | |
| fixed length control field | 110728e20110709xxk 000 0 eng d |
| 035 ## - SYSTEM CONTROL NUMBER | |
| System control number | (Sirsi) u153443 |
| 041 0# - LANGUAGE CODE | |
| Language code of text/sound track or separate title | eng |
| 245 00 - TITLE STATEMENT | |
| Title | Brewing up for demolition |
| 260 ## - PUBLICATION, DISTRIBUTION, ETC. | |
| Date of publication, distribution, etc. | 2011 |
| 490 ## - SERIES STATEMENT | |
| Series statement | Estates Gazette |
| Volume/sequential designation | (1127) 9 July 2011, 73(1) |
| 520 ## - SUMMARY, ETC. | |
| Summary, etc. | A ruling, "R (on the application of SAVE Britain's Heritage) v Secretary of State for Communities and Local Government has led to new guidance being issued on how to proceed to demolish a building. The Court of Appeal declared that demolition can be a project means that on the demolition of listed buildings, buildings in conservation areas, scheduled monuments and a building that is not a dwelling-house or adjoining a dwelling house will qualify as development and so require consideration in a planning context. |
| 590 ## - LOCAL NOTE (RLIN) | |
| Local note | KA |
| 650 24 - SUBJECT ADDED ENTRY--TOPICAL TERM | |
| Topical term or geographic name entry element | R (on the application of SAVE Britain's Heritage) v Secretary of State for Communities and Local Government |
| 651 #4 - SUBJECT ADDED ENTRY--GEOGRAPHIC NAME | |
| Geographic name | England and Wales |
| Chronological subdivision | 1543- |
| 690 ## - LOCAL SUBJECT ADDED ENTRY--TOPICAL TERM (OCLC, RLIN) | |
| Topical term or geographic name as entry element | ENVIRONMENTAL AND LAND CONSULTANCY-PLANNING AND DEVELOPMENT-PLANNING GUIDANCE |
| 942 ## - ADDED ENTRY ELEMENTS (KOHA) | |
| Suppress in OPAC | 0 |
| Withdrawn status | Lost status | Source of classification or shelving scheme | Damaged status | Not for loan | Home library | Current library | Shelving location | Date acquired | Total Checkouts | Full call number | Barcode | Date last seen | Copy number | Price effective from | Koha item type |
|---|---|---|---|---|---|---|---|---|---|---|---|---|---|---|---|
| Dewey Decimal Classification | London | London | Journal article | 28/07/2011 | L153443 | 153443-1001 | 06/08/2019 | 1 | 06/08/2019 | Journal article |